MICROBIOLOGY handbook of fish and seafood

Saved in:
Bibliographic Details
Format: Book
Language:English
Published: MEDTECH 2017
Tags: Add Tag
No Tags, Be the first to tag this record!

MARC

LEADER 00000nam a22000007a 4500
008 231013b |||||||| |||| 00| 0 eng d
020 |a 9789387938762 
245 |a MICROBIOLOGY handbook of fish and seafood   |c edited by Rhea Fernandes  |g xiv, 256p 
250 |c Fernandes, Rhea 
260 |b MEDTECH  |c 2017  |h New Delhi  |i 701083  |l QR321.M59  |m Fishes- Microbiology-Handbooks, manuals, etc.  |m Fishery products-Quality control -Handbooks, manuals, etc 
500 |a it includes references and index 
942 |a lcc  |c BK  |e Johnson  |f 13/10/23 
952 |0 0  |1 0  |2 lcc  |4 0  |6 QR0321 M59  |7 0  |9 4578  |a RF  |b HOL  |c QZ  |d 2023-10-13  |l 0  |o QR321.M59  |p 2023-0499  |r 2023-10-13 00:00:00  |t 701083  |w 2023-10-13  |y BK 
999 |c 2297  |d 2297